[Event "3. Iberoamericana A"]
[Site "Mexico MEX"]
[Date "2010.11.13"]
[Round "1"]
[White "Aguilar, Gustavo"]
[Black "Santos Flores, Alberto"]
[Result "0-1"]
[WhiteElo "2157"]
[BlackElo "2338"]
[PlyCount "96"]
[EventDate "2010.11.13"]
[EventType "tourn"]
[EventRounds "5"]
[EventCountry "MEX"]
[Source "lmi"]
[SourceDate "2010.11.13"]

1. e4 e6 2. d4 d5 3. Nc3 Nf6 4. Bg5 Bb4 5. exd5 Qxd5 6. Bxf6 Bxc3+ 7. bxc3 gxf6
8. Qf3 Qxf3 9. Nxf3 b6 10. Bd3 Bb7 11. Ke2 Nd7 12. Rhe1 Kf8 13. g3 Rd8 14. Nd2
f5 15. a4 a5 16. c4 Nf6 17. Nb3 h5 18. h4 Be4 19. Red1 Rg8 20. Bxe4 Nxe4 21.
Kf3 Rg4 22. Rd3 Nf6 23. Re1 f4 24. Re5 fxg3 25. fxg3 Ke7 26. Rde3 Rdg8 27. Rg5
R4xg5 28. hxg5 Rxg5 29. c3 Rg4 30. Nd2 h4 31. Nf1 Kd6 32. gxh4 Rxh4 33. Ng3 Rh2
34. Re2 Rxe2 35. Kxe2 Nd7 36. Ke3 f5 37. Kf4 c6 38. Kg5 b5 39. cxb5 cxb5 40.
axb5 Kd5 41. Ne2 Kc4 42. d5 Kxd5 43. Kf4 Kc4 44. Ke3 a4 45. Kd2 e5 46. Kc2 Kxb5
47. Ng3 f4 48. Ne4 Kc4 0-1

[Event "3. Iberoamericana A"]
[Site "Mexico MEX"]
[Date "2010.11.14"]
[Round "2"]
[White "Gonzalez Garcia, Jose"]
[Black "Aguilar, Gustavo"]
[Result "1/2-1/2"]
[WhiteElo "2521"]
[BlackElo "2157"]
[PlyCount "71"]
[EventDate "2010.11.13"]
[EventType "tourn"]
[EventRounds "5"]
[EventCountry "MEX"]
[Source "lmi"]
[SourceDate "2010.11.13"]

1. c4 e5 2. g3 Nc6 3. Bg2 f5 4. Nc3 Nf6 5. e3 d6 6. Nge2 g6 7. d4 e4 8. Nf4 Bg7
9. b4 O-O 10. Qb3 g5 11. Nfe2 Ne7 12. f3 exf3 13. Bxf3 c6 14. h4 g4 15. Bg2 Nh5
16. b5 Be6 17. Ba3 Qc7 18. Rc1 Bf7 19. O-O Rad8 20. Qa4 Bh6 21. Kf2 Rfe8 22.
Nf4 Nxf4 23. exf4 Ng6 24. bxc6 Nxf4 25. gxf4 Qe7 26. Nd5 Qxh4+ 27. Kg1 Re2 28.
c7 Rde8 29. Ne3 g3 30. Rf3 Qh2+ 31. Kf1 Rxg2 32. Qxe8+ Bxe8 33. Nxg2 Qh1+ 34.
Ke2 Qxg2+ 35. Ke3 Bd7 36. Bxd6 1/2-1/2

[Event "3. Iberoamericana A"]
[Site "Mexico MEX"]
[Date "2010.11.15"]
[Round "3"]
[White "Santos Flores, Alberto"]
[Black "Gonzalez Garcia, Jose"]
[Result "1-0"]
[WhiteElo "2338"]
[BlackElo "2521"]
[PlyCount "67"]
[EventDate "2010.11.13"]
[EventType "tourn"]
[EventRounds "5"]
[EventCountry "MEX"]
[Source "lmi"]
[SourceDate "2010.11.13"]

1. e4 e5 2. Nf3 Nc6 3. Bc4 Bc5 4. c3 Nf6 5. d3 a6 6. Bb3 d6 7. Nbd2 Ba7 8. Nf1
Ng4 9. Ne3 Nxe3 10. Bxe3 O-O 11. h3 Kh8 12. Bxa7 Rxa7 13. d4 f5 14. exf5 e4 15.
Nd2 Bxf5 16. Nf1 Qg5 17. Ne3 Ne7 18. Qd2 c6 19. Bd1 Be6 20. Bg4 Bg8 21. h4 Qf6
22. g3 Be6 23. Bd1 Nd5 24. O-O b5 25. f4 Qg6 26. Kh2 Nxe3 27. Qxe3 h5 28. d5
cxd5 29. Qxa7 Qf5 30. Qf2 g5 31. hxg5 e3 32. Qxe3 Qh3+ 33. Kg1 h4 34. Rf3 1-0

[Event "3. Iberoamericana A"]
[Site "Mexico MEX"]
[Date "2010.11.16"]
[Round "4"]
[White "Narciso Dublan, Marc"]
[Black "Gonzalez Garcia, Jose"]
[Result "1/2-1/2"]
[WhiteElo "2536"]
[BlackElo "2521"]
[PlyCount "61"]
[EventDate "2010.11.13"]
[EventType "tourn"]
[EventRounds "5"]
[EventCountry "MEX"]
[Source "lmi"]
[SourceDate "2010.11.13"]

1. c4 e5 2. g3 Nc6 3. Bg2 f5 4. d3 Nf6 5. Nc3 Bb4 6. Bd2 O-O 7. e3 d6 8. Nge2
a5 9. O-O Bc5 10. Nb5 Bb6 11. d4 Ne4 12. Be1 Ne7 13. Qc2 c6 14. Na3 Kh8 15. c5
dxc5 16. dxe5 Nd5 17. Rd1 Qe7 18. Nc4 Bc7 19. f3 Ng5 20. Bf2 b5 21. Nd2 Ne6 22.
f4 c4 23. Nf3 Nb4 24. Qb1 Bb6 25. Nfd4 Nxd4 26. Nxd4 Bxd4 27. Rxd4 c5 28. Rxc4
Be6 29. Rc3 Bxa2 30. Qc1 Rac8 31. Rd1 1/2-1/2

[Event "3. Iberoamericana A"]
[Site "Mexico MEX"]
[Date "2010.11.16"]
[Round "4"]
[White "Baules, Jorge"]
[Black "Santos Flores, Alberto"]
[Result "1-0"]
[WhiteElo "2349"]
[BlackElo "2338"]
[PlyCount "109"]
[EventDate "2010.11.13"]
[EventType "tourn"]
[EventRounds "5"]
[EventCountry "MEX"]
[Source "lmi"]
[SourceDate "2010.11.13"]

1. d4 d5 2. c4 c6 3. Nf3 Nf6 4. Nc3 dxc4 5. a4 Bf5 6. Ne5 e6 7. f3 Bb4 8. e4
Bxe4 9. fxe4 Nxe4 10. Bd2 Qxd4 11. Nxe4 Qxe4+ 12. Qe2 Bxd2+ 13. Kxd2 Qd5+ 14.
Kc2 Na6 15. Nxc4 O-O 16. Qe5 Rfd8 17. Be2 f6 18. Qxd5 cxd5 19. Na5 Rdc8+ 20.
Kb1 Nc5 21. Rc1 b6 22. b4 Ne4 23. Nc6 Kf8 24. Ba6 Rc7 25. Nd4 Rxc1+ 26. Kxc1 e5
27. Ne6+ Ke7 28. Bb7 Rb8 29. Bxd5 Kd6 30. Bxe4 Kxe6 31. Ra2 f5 32. Bc6 Rd8 33.
Rd2 Rxd2 34. Kxd2 e4 35. Kc3 Ke5 36. Kc4 g5 37. Be8 g4 38. Bh5 Kf4 39. Kd4 Kg5
40. Be8 h5 41. g3 h4 42. Ke3 h3 43. Bc6 Kf6 44. Bxe4 fxe4 45. Kxe4 Ke6 46. Kf4
Kd5 47. Kxg4 Kc4 48. Kf5 Kxb4 49. g4 Kxa4 50. g5 b5 51. g6 b4 52. g7 b3 53.
g8=Q a5 54. Qc4+ Ka3 55. Qc5+ 1-0

[Event "3. Iberoamericana A"]
[Site "Mexico MEX"]
[Date "2010.11.17"]
[Round "5"]
[White "Gonzalez Garcia, Jose"]
[Black "Baules, Jorge"]
[Result "1-0"]
[WhiteElo "2521"]
[BlackElo "2349"]
[PlyCount "127"]
[EventDate "2010.11.13"]
[EventType "tourn"]
[EventRounds "5"]
[EventCountry "MEX"]
[Source "lmi"]
[SourceDate "2010.11.13"]

1. Nf3 Nf6 2. c4 g6 3. g3 Bg7 4. Bg2 O-O 5. d4 c5 6. d5 d6 7. Nc3 a6 8. a4 e6
9. O-O exd5 10. cxd5 Nbd7 11. Nd2 Re8 12. h3 Rb8 13. Nc4 Ne5 14. Na3 Qc7 15. f4
Ned7 16. e4 c4 17. Be3 Nh5 18. Kh2 Bxc3 19. bxc3 Nc5 20. g4 Ng7 21. e5 b5 22.
axb5 axb5 23. Nc2 Nd3 24. Nb4 Nxb4 25. cxb4 Bb7 26. Bd4 dxe5 27. Bxe5 Rxe5 28.
d6 Re2 29. Qxe2 Qxd6 30. Bxb7 Rxb7 31. Ra8+ Rb8 32. Rxb8+ Qxb8 33. Qe5 Qxe5 34.
fxe5 Ne6 35. Rd1 Nf4 36. Rd8+ Kg7 37. Rd7 Kf8 38. Rb7 Nd3 39. Rxb5 c3 40. Rb8+
Ke7 41. Rc8 Nxb4 42. Rxc3 Ke6 43. Rc8 Kxe5 44. Rh8 h5 45. gxh5 gxh5 46. Rxh5+
Kf6 47. Rh6+ Ke7 48. Kg3 Nd5 49. Kg4 Kf8 50. h4 Kg7 51. Rd6 Ne7 52. Kg5 Nc8 53.
Rd7 Nb6 54. Rb7 Nc4 55. h5 Nd6 56. Re7 Kf8 57. Kf6 Kg8 58. Re5 Kh7 59. Rd5 Ne4+
60. Kf5 Ng3+ 61. Kf4 Ne2+ 62. Ke3 Nc3 63. Rc5 Na4 64. Rc6 1-0

[Event "3. Iberoamericana B"]
[Site "MexicoMEX"]
[Date "2010.11.13"]
[Round "1"]
[White "Gonzalez Zamora, Juan Carlos"]
[Black "Fonseca, Jose Luis"]
[Result "1-0"]
[WhiteElo "2561"]
[BlackElo "2174"]
[PlyCount "71"]
[EventDate "2010.11.13"]
[EventType "tourn"]
[EventRounds "5"]
[EventCountry "MEX"]
[Source "lmi"]
[SourceDate "2010.11.13"]

1. d4 Nf6 2. Nf3 e6 3. e3 b6 4. Bd3 Bb7 5. O-O Be7 6. c4 d5 7. b3 O-O 8. Bb2
Nbd7 9. Qe2 c5 10. Nc3 Rc8 11. Rad1 Qc7 12. cxd5 exd5 13. dxc5 bxc5 14. e4 dxe4
15. Nxe4 Nxe4 16. Bxe4 Bxe4 17. Qxe4 Bf6 18. Qf5 Rfd8 19. Ng5 Bxg5 20. Qxg5 f6
21. Qd5+ Kh8 22. Qf7 Qc6 23. Qe7 h6 24. Rd6 Qb5 25. Rfd1 Re8 26. Qxd7 Qe2 27.
Bc3 Rcd8 28. Qxd8 Rxd8 29. Rxd8+ Kh7 30. R8d2 Qa6 31. h3 c4 32. bxc4 Qxc4 33.
Bd4 a6 34. Be3 f5 35. Rd7 Qa4 36. R1d6 1-0

[Event "3. Iberoamericana B"]
[Site "MexicoMEX"]
[Date "2010.11.13"]
[Round "1"]
[White "Dias, Paulo"]
[Black "Iturrizaga, Eduardo"]
[Result "0-1"]
[WhiteElo "2415"]
[BlackElo "2607"]
[PlyCount "72"]
[EventDate "2010.11.13"]
[EventType "tourn"]
[EventRounds "5"]
[EventCountry "MEX"]
[Source "lmi"]
[SourceDate "2010.11.13"]

1. e4 c6 2. d4 g6 3. c4 Bg7 4. Nc3 d6 5. Be3 e5 6. d5 f5 7. Bd3 Bh6 8. f3 Ne7
9. Qd2 f4 10. Nge2 g5 11. O-O-O g4 12. Kb1 Ng6 13. Nc1 O-O 14. Qf2 gxf3 15.
gxf3 Qh4 16. Rd2 Kh8 17. b4 a6 18. Nb3 cxd5 19. cxd5 Bh3 20. Rc1 Rd8 21. Na5
Qh5 22. Bc2 Nh4 23. Bd1 Bg2 24. Rd3 Bxf3 25. Bxf3 Nxf3 26. Nc4 Rf8 27. Bxf4
exf4 28. Qb6 Qe5 29. Nxd6 Qxc3 30. Rcxc3 Ng5 31. Kb2 Nf3 32. Rc2 Ne5 33. Nf5
Rg8 34. Qg1 Rxg1 35. Ne3 Nc4+ 36. Kb3 Nd2+ 0-1

[Event "3. Iberoamericana B"]
[Site "MexicoMEX"]
[Date "2010.11.13"]
[Round "1"]
[White "Cordova, Emilio"]
[Black "Larrea, Manuel"]
[Result "1-0"]
[WhiteElo "2530"]
[BlackElo "2311"]
[PlyCount "67"]
[EventDate "2010.11.13"]
[EventType "tourn"]
[EventRounds "5"]
[EventCountry "MEX"]
[Source "lmi"]
[SourceDate "2010.11.13"]

1. d4 Nf6 2. Nf3 g6 3. c4 Bg7 4. g3 O-O 5. Bg2 d6 6. O-O Nc6 7. Nc3 a6 8. h3
Bd7 9. Be3 Rb8 10. a4 a5 11. Qd2 Qc8 12. Kh2 Re8 13. Bh6 Bh8 14. d5 Nb4 15. e4
c6 16. Rac1 cxd5 17. cxd5 Qc4 18. e5 Nfxd5 19. Ng5 Nxc3 20. Rxc3 Qa6 21. Re1
Bf5 22. g4 Bd3 23. Qf4 f6 24. exf6 Bxf6 25. Rxe7 Bf5 26. Qxb4 Rxe7 27. Qb3+ Kh8
28. gxf5 Be5+ 29. Rg3 Qe2 30. f4 Bxf4 31. Nf7+ Rxf7 32. Bxf4 Rxf5 33. Re3 Qf2
34. Qc3+ 1-0

[Event "3. Iberoamericana B"]
[Site "MexicoMEX"]
[Date "2010.11.14"]
[Round "2"]
[White "Fonseca, Jose Luis"]
[Black "Larrea, Manuel"]
[Result "1-0"]
[WhiteElo "2174"]
[BlackElo "2311"]
[PlyCount "51"]
[EventDate "2010.11.13"]
[EventType "tourn"]
[EventRounds "5"]
[EventCountry "MEX"]
[Source "lmi"]
[SourceDate "2010.11.13"]

1. e4 c5 2. Nf3 Nc6 3. d4 cxd4 4. Nxd4 Nf6 5. Nc3 d6 6. Bg5 e6 7. Bb5 Qb6 8.
Be3 Qc7 9. Qe2 Be7 10. O-O-O a6 11. Bxc6+ bxc6 12. g4 c5 13. Nb3 Bb7 14. f3 O-O
15. Rhg1 Rfe8 16. h4 Bf8 17. Qh2 Qb6 18. h5 Nd7 19. g5 d5 20. g6 d4 21. Nxd4
cxd4 22. gxf7+ Kxf7 23. Bxd4 Qc6 24. Qf4+ Kg8 25. Bxg7 Bxg7 26. Qg5 1-0

[Event "3. Iberoamericana B"]
[Site "MexicoMEX"]
[Date "2010.11.14"]
[Round "2"]
[White "Gonzalez Zamora, Juan Carlos"]
[Black "Dias, Paulo"]
[Result "0-1"]
[WhiteElo "2561"]
[BlackElo "2415"]
[PlyCount "105"]
[EventDate "2010.11.13"]
[EventType "tourn"]
[EventRounds "5"]
[EventCountry "MEX"]
[Source "lmi"]
[SourceDate "2010.11.13"]

1. c4 e6 2. Nf3 Nf6 3. d4 d5 4. e3 c5 5. Nc3 Nc6 6. a3 a6 7. Bd3 cxd4 8. exd4
dxc4 9. Bxc4 Be7 10. O-O O-O 11. Re1 b5 12. Ba2 Bb7 13. Bg5 Rc8 14. Qd3 b4 15.
Na4 bxa3 16. bxa3 Qa5 17. Bxf6 Bxf6 18. Nc5 Ba8 19. Nd7 Rfd8 20. Nxf6+ gxf6 21.
Qe3 Qh5 22. d5 exd5 23. Qf4 Kg7 24. Rad1 Ne5 25. Nd4 Ng6 26. Qd2 Re8 27. Bb1
Qg5 28. Re3 Rxe3 29. fxe3 Kh8 30. Rf1 Ne5 31. Rf4 Nc4 32. Qc2 Qh5 33. Nf3 Rg8
34. Qf2 Ne5 35. Nd4 Qd1+ 36. Qf1 Qxf1+ 37. Kxf1 Rb8 38. Bc2 Rb2 39. Rxf6 Ng4
40. Rxf7 Nxe3+ 41. Kg1 Nxc2 42. Rf8+ Kg7 43. Ne6+ Kg6 44. Rxa8 Kf5 45. Nc5 Ra2
46. Rxa6 Ne3 47. g4+ Kxg4 48. Re6 d4 49. Nb3 Rg2+ 50. Kh1 Re2 51. Kg1 Rg2+ 52.
Kh1 Rb2 53. Rb6 0-1

[Event "3. Iberoamericana B"]
[Site "MexicoMEX"]
[Date "2010.11.15"]
[Round "3"]
[White "Larrea, Manuel"]
[Black "Iturrizaga, Eduardo"]
[Result "1/2-1/2"]
[WhiteElo "2311"]
[BlackElo "2607"]
[PlyCount "52"]
[EventDate "2010.11.13"]
[EventType "tourn"]
[EventRounds "5"]
[EventCountry "MEX"]
[Source "lmi"]
[SourceDate "2010.11.13"]

1. e4 c5 2. Nf3 Nc6 3. d4 cxd4 4. Nxd4 g6 5. Nc3 Bg7 6. Be3 Nf6 7. Bc4 O-O 8.
Bb3 d6 9. f3 Bd7 10. Qd2 Nxd4 11. Bxd4 b5 12. O-O a5 13. a4 b4 14. Nd5 Nxd5 15.
exd5 Rc8 16. Rfe1 Re8 17. Bxg7 Kxg7 18. Qd4+ Kg8 19. Re2 e5 20. dxe6 Bxe6 21.
Rae1 Bd7 22. Ra1 Be6 23. Bxe6 Rxe6 24. Rae1 Rxe2 25. Rxe2 Qg5 26. Qd1 Qd8
1/2-1/2

[Event "3. Iberoamericana B"]
[Site "MexicoMEX"]
[Date "2010.11.15"]
[Round "3"]
[White "Cordova, Emilio"]
[Black "Gonzalez Zamora, Juan Carlos"]
[Result "1/2-1/2"]
[WhiteElo "2530"]
[BlackElo "2561"]
[PlyCount "33"]
[EventDate "2010.11.13"]
[EventType "tourn"]
[EventRounds "5"]
[EventCountry "MEX"]
[Source "lmi"]
[SourceDate "2010.11.13"]

1. d4 Nf6 2. c4 e6 3. Nf3 Bb4+ 4. Nbd2 b6 5. a3 Bxd2+ 6. Qxd2 Bb7 7. b3 O-O 8.
e3 d6 9. Bb2 Nbd7 10. Be2 Ne4 11. Qc2 f5 12. Rd1 Qe7 13. d5 c5 14. dxc6 Bxc6
15. Nd4 Bb7 16. Rf1 e5 17. Rh1 1/2-1/2

[Event "3. Iberoamericana B"]
[Site "MexicoMEX"]
[Date "2010.11.15"]
[Round "3"]
[White "Dias, Paulo"]
[Black "Fonseca, Jose Luis"]
[Result "1-0"]
[WhiteElo "2415"]
[BlackElo "2174"]
[PlyCount "47"]
[EventDate "2010.11.13"]
[EventType "tourn"]
[EventRounds "5"]
[EventCountry "MEX"]
[Source "lmi"]
[SourceDate "2010.11.13"]

1. d4 Nf6 2. c4 e6 3. g3 Bb4+ 4. Nd2 d5 5. Bg2 O-O 6. Ngf3 b6 7. O-O Bb7 8. Qc2
Be7 9. Rd1 Nbd7 10. a3 c5 11. dxc5 bxc5 12. cxd5 exd5 13. e4 d4 14. Re1 Rb8 15.
Nc4 Ne8 16. Bf4 Rc8 17. Bh3 Ra8 18. Rad1 f5 19. Qb3 Bxe4 20. Nce5+ Kh8 21. Nxd7
c4 22. Qxc4 Bxf3 23. Nxf8 Bxd1 24. Ne6 1-0

[Event "3. Iberoamericana B"]
[Site "MexicoMEX"]
[Date "2010.11.16"]
[Round "4"]
[White "Gonzalez Zamora, Juan Carlos"]
[Black "Larrea, Manuel"]
[Result "1-0"]
[WhiteElo "2561"]
[BlackElo "2311"]
[PlyCount "53"]
[EventDate "2010.11.13"]
[EventType "tourn"]
[EventRounds "5"]
[EventCountry "MEX"]
[Source "lmi"]
[SourceDate "2010.11.13"]

1. d4 Nf6 2. c4 g6 3. Nc3 Bg7 4. e4 d6 5. Bd3 O-O 6. Nge2 Nbd7 7. Bc2 a6 8. a4
e5 9. d5 a5 10. f3 Nc5 11. Be3 Nfd7 12. Qd2 f5 13. exf5 gxf5 14. O-O-O Qh4 15.
b3 Qf6 16. h4 Nb8 17. h5 h6 18. g4 Nba6 19. g5 hxg5 20. Bxg5 Qf7 21. Rdg1 Kh8
22. Bh6 Rg8 23. Rg6 Bf6 24. Bg5 Bg7 25. Bf6 Bxf6 26. Qh6+ Qh7 27. Rxg8+ 1-0

[Event "3. Iberoamericana B"]
[Site "MexicoMEX"]
[Date "2010.11.16"]
[Round "4"]
[White "Dias, Paulo"]
[Black "Cordova, Emilio"]
[Result "1/2-1/2"]
[WhiteElo "2415"]
[BlackElo "2530"]
[PlyCount "51"]
[EventDate "2010.11.13"]
[EventType "tourn"]
[EventRounds "5"]
[EventCountry "MEX"]
[Source "lmi"]
[SourceDate "2010.11.13"]

1. d4 Nf6 2. c4 e6 3. Nc3 Bb4 4. g3 Ne4 5. Bd2 Nxd2 6. Qxd2 d5 7. a3 Be7 8. e4
dxe4 9. Nxe4 c5 10. dxc5 Qxd2+ 11. Kxd2 O-O 12. Bg2 Rd8+ 13. Kc2 Nd7 14. b4 Ne5
15. Nf3 Nxc4 16. Kb3 b5 17. Rad1 Bb7 18. Nc3 a5 19. Nxb5 Bd5 20. Rxd5 exd5 21.
Nfd4 axb4 22. axb4 Nd2+ 23. Kc3 Ra2 24. Rd1 Ne4+ 25. Kb3 Rxf2 26. Nc6 1/2-1/2

[Event "3. Iberoamericana B"]
[Site "MexicoMEX"]
[Date "2010.11.17"]
[Round "5"]
[White "Iturrizaga, Eduardo"]
[Black "Gonzalez Zamora, Juan Carlos"]
[Result "1/2-1/2"]
[WhiteElo "2607"]
[BlackElo "2561"]
[PlyCount "44"]
[EventDate "2010.11.13"]
[EventType "tourn"]
[EventRounds "5"]
[EventCountry "MEX"]
[Source "lmi"]
[SourceDate "2010.11.13"]

1. Nf3 Nf6 2. c4 e6 3. Nc3 Bb4 4. Qc2 Nc6 5. a3 Bxc3 6. Qxc3 d6 7. b4 e5 8. d3
O-O 9. Bb2 Re8 10. e3 a5 11. Be2 axb4 12. axb4 Rxa1+ 13. Bxa1 Bg4 14. b5 Nb8
15. O-O Nbd7 16. Bb2 Nc5 17. Ra1 h6 18. Qc2 Bf5 19. Qd1 Qc8 20. d4 Ncd7 21. Nd2
exd4 22. Bxd4 Ne5 1/2-1/2

[Event "3. Iberoamericana B"]
[Site "MexicoMEX"]
[Date "2010.11.17"]
[Round "5"]
[White "Larrea, Manuel"]
[Black "Dias, Paulo"]
[Result "1-0"]
[WhiteElo "2311"]
[BlackElo "2415"]
[PlyCount "73"]
[EventDate "2010.11.13"]
[EventType "tourn"]
[EventRounds "5"]
[EventCountry "MEX"]
[Source "lmi"]
[SourceDate "2010.11.13"]

1. e4 e6 2. d4 d5 3. Nc3 Be7 4. e5 b6 5. Qg4 g6 6. h4 h5 7. Qf4 Ba6 8. Nf3 Bxf1
9. Kxf1 Nh6 10. Ng5 Qd7 11. Ne2 c5 12. Rh3 Nc6 13. c3 cxd4 14. cxd4 Nf5 15. Bd2
Bxg5 16. hxg5 O-O-O 17. b4 a6 18. b5 axb5 19. Rb3 Na7 20. a4 Kb7 21. a5 bxa5
22. Bxa5 Ra8 23. Qd2 Rhc8 24. Rab1 Rc4 25. Bb4 Rb8 26. Bc5 Kc8 27. Qa2 Rb7 28.
Qb2 b4 29. Bxa7 Rxa7 30. Rxb4 Rxb4 31. Qxb4 Qa4 32. Qf8+ Kd7 33. Qxf7+ Ne7 34.
Nf4 Qa6+ 35. Kg1 Ra8 36. Nxe6 Qa2 37. Nc5+ 1-0

[Event "3. Iberoamericana B"]
[Site "MexicoMEX"]
[Date "2010.11.17"]
[Round "5"]
[White "Cordova, Emilio"]
[Black "Fonseca, Jose Luis"]
[Result "1-0"]
[WhiteElo "2530"]
[BlackElo "2174"]
[PlyCount "99"]
[EventDate "2010.11.13"]
[EventType "tourn"]
[EventRounds "5"]
[EventCountry "MEX"]
[Source "lmi"]
[SourceDate "2010.11.13"]

1. d4 Nf6 2. Nf3 e6 3. e3 b6 4. Bd3 Bb7 5. O-O d5 6. c4 Bd6 7. b3 Nbd7 8. Bb2
Qe7 9. Nc3 a6 10. Qc2 O-O 11. Nd2 c5 12. f4 cxd4 13. exd4 Ba3 14. Bxa3 Qxa3 15.
Nf3 Qd6 16. Ne2 Rac8 17. Rad1 Rfe8 18. Ne5 Nf8 19. Qb2 Red8 20. Ng3 Rc7 21. Bb1
N6d7 22. f5 dxc4 23. Nxc4 Qe7 24. Qe2 b5 25. Ne3 Nf6 26. Ng4 N8d7 27. Ne5 Bd5
28. h3 Rdc8 29. Kh2 Rc3 30. Rde1 R8c7 31. fxe6 fxe6 32. Nh5 Nxe5 33. dxe5 Nxh5
34. Qxh5 g6 35. Qg4 Qe8 36. Rf6 Rg7 37. Ref1 Rc8 38. Be4 Bxe4 39. Qxe4 Qd7 40.
Qg4 Re8 41. h4 Qd5 42. Qf4 h6 43. Rf7 Qd8 44. Rxg7+ Kxg7 45. Qf7+ Kh8 46. Rf6
Rg8 47. Qxe6 Qd4 48. Kh3 h5 49. Rf7 Qc3+ 50. Kh2 1-0

[Event "3. Iberoamericana C"]
[Site "MexicoMEX"]
[Date "2010.11.13"]
[Round "1"]
[White "Milos, Gilberto"]
[Black "Mazara, Adan"]
[Result "1-0"]
[WhiteElo "2596"]
[BlackElo "2273"]
[PlyCount "75"]
[EventDate "2010.11.13"]
[EventType "tourn"]
[EventRounds "5"]
[EventCountry "MEX"]
[Source "lmi"]
[SourceDate "2010.11.13"]

1. c4 Nf6 2. Nc3 g6 3. e4 d6 4. d4 Bg7 5. f3 O-O 6. Bg5 Nbd7 7. Qd2 a6 8. Nh3
c5 9. d5 b5 10. cxb5 Qa5 11. Nf2 Nb6 12. Be2 axb5 13. Nxb5 Bd7 14. Nc3 e6 15.
dxe6 Bxe6 16. O-O d5 17. Rfc1 dxe4 18. fxe4 Nfd7 19. Bh6 Bd4 20. Bxf8 Rxf8 21.
Qe1 f5 22. Kh1 f4 23. Bg4 Bxg4 24. Nxg4 h5 25. Nf2 Ne5 26. Qe2 Nbc4 27. Nd3 Ng4
28. Rf1 Nxb2 29. Qxb2 Bxc3 30. Qb3+ Kh7 31. Rab1 Bd2 32. Qd5 Qd8 33. Qxd8 Rxd8
34. Nxc5 Be3 35. Ne6 Rd2 36. h3 Nf2+ 37. Kh2 Nd3 38. Rfd1 1-0

[Event "3. Iberoamericana C"]
[Site "MexicoMEX"]
[Date "2010.11.13"]
[Round "1"]
[White "Lorenzana, Wilson Estuardo"]
[Black "Morovic Fernandez, Ivan"]
[Result "1/2-1/2"]
[WhiteElo "2210"]
[BlackElo "2588"]
[PlyCount "69"]
[EventDate "2010.11.13"]
[EventType "tourn"]
[EventRounds "5"]
[EventCountry "MEX"]
[Source "lmi"]
[SourceDate "2010.11.13"]

1. e4 e5 2. Bc4 Nf6 3. d3 Nc6 4. Nf3 Bc5 5. c3 d6 6. Nbd2 Bb6 7. Bb3 Ne7 8. Nf1
Ng6 9. Ng3 h6 10. h3 O-O 11. O-O Be6 12. d4 Bxb3 13. Qxb3 exd4 14. cxd4 d5 15.
e5 Ne4 16. Qd3 f5 17. exf6 Nxg3 18. Qxg6 Ne2+ 19. Kh1 Rxf6 20. Qd3 Nxc1 21.
Raxc1 Qd6 22. Rfe1 c6 23. Re5 Raf8 24. Rce1 Bc7 25. Kg1 Rf4 26. Kf1 R4f7 27.
Re6 Qf4 28. b4 Rf6 29. Re7 Qd6 30. b5 Ba5 31. R1e5 R8f7 32. Re8+ Rf8 33. R8e7
R8f7 34. Re8+ Rf8 35. R8e7 1/2-1/2

[Event "3. Iberoamericana C"]
[Site "MexicoMEX"]
[Date "2010.11.13"]
[Round "1"]
[White "Gonzalez, Bernal"]
[Black "Franco Ocampos, Zenon"]
[Result "1/2-1/2"]
[WhiteElo "2433"]
[BlackElo "2517"]
[PlyCount "38"]
[EventDate "2010.11.13"]
[EventType "tourn"]
[EventRounds "5"]
[EventCountry "MEX"]
[Source "lmi"]
[SourceDate "2010.11.13"]

1. e4 c5 2. Nf3 Nc6 3. Bb5 e6 4. Bxc6 bxc6 5. d3 Ne7 6. O-O Ng6 7. Ng5 Be7 8.
f4 O-O 9. Qh5 Bxg5 10. fxg5 e5 11. Be3 d6 12. Nd2 Be6 13. b3 f6 14. gxf6 Rxf6
15. Rxf6 Qxf6 16. Bg5 Qf7 17. Rf1 Qd7 18. Be3 Rf8 19. Rxf8+ Nxf8 1/2-1/2

[Event "3. Iberoamericana C"]
[Site "MexicoMEX"]
[Date "2010.11.14"]
[Round "2"]
[White "Mazara, Adan"]
[Black "Franco Ocampos, Zenon"]
[Result "1-0"]
[WhiteElo "2273"]
[BlackElo "2517"]
[PlyCount "121"]
[EventDate "2010.11.13"]
[EventType "tourn"]
[EventRounds "5"]
[EventCountry "MEX"]
[Source "lmi"]
[SourceDate "2010.11.13"]

1. d4 Nf6 2. c4 e6 3. g3 c5 4. d5 exd5 5. cxd5 d6 6. Nc3 g6 7. Bg2 Bg7 8. Nf3
O-O 9. O-O a6 10. a4 Nbd7 11. Nd2 Re8 12. h3 Rb8 13. Nc4 Nb6 14. Na3 Bd7 15. a5
Nc8 16. Nc4 Bb5 17. Qb3 Bxc4 18. Qxc4 Nd7 19. Qd3 Ne7 20. e4 Ne5 21. Qc2 f5 22.
Bg5 Qd7 23. Rfe1 fxe4 24. Bxe7 Rxe7 25. Nxe4 b5 26. Ng5 c4 27. Ne6 Nd3 28. Re4
Bxb2 29. Rb1 Bf6 30. Rxc4 Ne1 31. Qd2 Nxg2 32. Rc7 Qe8 33. Rbc1 b4 34. Rxe7
Bxe7 35. Kxg2 Qf7 36. Qd4 Bf6 37. Qxb4 Rxb4 38. Rc8+ Qe8 39. Rxe8+ Kf7 40. Rf8+
Ke7 41. Ra8 Bc3 42. Rxa6 Rb5 43. Nc7 Rb7 44. Na8 Rb5 45. Nb6 Bxa5 46. Nc8+ Kd7
47. Nxd6 Rxd5 48. Ne4 Rb5 49. Nf6+ Kc8 50. Nxh7 Bb6 51. Nf6 Rb2 52. Ng4 Kd8 53.
Ra3 Ke7 54. Rf3 Rb5 55. h4 Rb4 56. Kh3 Bc7 57. Rf6 Rxg4 58. Rc6 Ra4 59. Rxc7+
Kf6 60. Rc5 Rb4 61. f4 1-0

[Event "3. Iberoamericana C"]
[Site "MexicoMEX"]
[Date "2010.11.14"]
[Round "2"]
[White "Morovic Fernandez, Ivan"]
[Black "Gonzalez, Bernal"]
[Result "1/2-1/2"]
[WhiteElo "2588"]
[BlackElo "2433"]
[PlyCount "73"]
[EventDate "2010.11.13"]
[EventType "tourn"]
[EventRounds "5"]
[EventCountry "MEX"]
[Source "lmi"]
[SourceDate "2010.11.13"]

1. d4 d5 2. c4 c6 3. cxd5 cxd5 4. Nc3 Nf6 5. Bf4 Nc6 6. e3 Bf5 7. Nf3 e6 8. Qb3
Bb4 9. Ne5 Qe7 10. Bb5 Rc8 11. Nxc6 bxc6 12. Ba6 Rd8 13. O-O O-O 14. Ne2 Bd6
15. Qa4 Bxf4 16. Nxf4 e5 17. Ne2 exd4 18. Nxd4 Bd7 19. Rac1 Rb8 20. b3 c5 21.
Qa3 Rb4 22. Ne2 Qd6 23. h3 Qb6 24. Bd3 a5 25. Bc2 Bb5 26. Rfe1 d4 27. exd4 cxd4
28. Nf4 Rd8 29. Nd3 Nd5 30. Qb2 Bxd3 31. Bxd3 Nf4 32. Qd2 Nxd3 33. Qxd3 a4 34.
bxa4 Rxa4 35. Rc2 g6 36. Rce2 Kg7 37. Rd2 1/2-1/2

[Event "3. Iberoamericana C"]
[Site "MexicoMEX"]
[Date "2010.11.14"]
[Round "2"]
[White "Milos, Gilberto"]
[Black "Lorenzana, Wilson Estuardo"]
[Result "1-0"]
[WhiteElo "2596"]
[BlackElo "2210"]
[PlyCount "87"]
[EventDate "2010.11.13"]
[EventType "tourn"]
[EventRounds "5"]
[EventCountry "MEX"]
[Source "lmi"]
[SourceDate "2010.11.13"]

1. d4 Nf6 2. c4 g6 3. Nc3 Bg7 4. e4 d6 5. f3 O-O 6. Bg5 c5 7. d5 h6 8. Be3 Na6
9. Qd2 Kh7 10. Nge2 b6 11. g4 Nd7 12. Ng3 Nc7 13. h4 a6 14. Be2 Rb8 15. h5 g5
16. Nf5 Rg8 17. f4 f6 18. O-O-O Nf8 19. Nxg7 Rxg7 20. e5 dxe5 21. fxe5 fxe5 22.
Rhf1 Kg8 23. Ne4 Nh7 24. Bg1 Ne8 25. Bh2 Nd6 26. Nf2 Nf6 27. Bxe5 b5 28. Qc2
bxc4 29. Bxc4 Rb4 30. Be2 Qb6 31. Kb1 Bd7 32. Ka1 c4 33. Rde1 Ba4 34. Qd2 Rb5
35. Bxd6 Qxd6 36. Bxc4 Rc5 37. Ne4 Nxe4 38. Rxe4 Bb5 39. Re6 Qd7 40. Qf2 Qc8
41. Rg6 Kh7 42. Rxg7+ Kxg7 43. Qf7+ Kh8 44. Qxe7 1-0